| 000 | 00732nab a2200229 a 4500 | ||
|---|---|---|---|
| 005 | 20210219162002.0 | ||
| 008 | 991125s1985 mx 000 0 spa u | ||
| 035 | _aUPN01000195661 | ||
| 100 | 1 | _aLópez Aspeitia, Luis | |
| 100 | 1 | _ullopez@paris-lavillete.archi.fr | |
| 222 | _aREVISTA MEXICANA DE SOCIOLOGIA | ||
| 245 | _aIdentidades en la línea. Maquiladoras y figuras de la femineidad en la frontera norte de México | ||
| 260 | _aMéxico | ||
| 300 | _a542-570 | ||
| 362 | 0 | _a2010 Vol. 72, no. 4, oct.-dic. | |
| 653 | 0 | _aIDENTIDAD DE GENERO | |
| 653 | 0 | _aROL DE GENERO | |
| 653 | 0 | _aSUBJETIVIDAD | |
| 653 | 0 | _aINDUSTRIALIZACION | |
| 856 | 1 | _uhttp://www.redalyc.org/articulo.oa?id=32116017002 | |
| 905 | _aArticulo | ||
| 999 |
_c167762 _d167762 |
||